| 000 -LEADER |
| fixed length control field |
00752cam a2200181 i 4500 |
| 040 ## - CATALOGING SOURCE |
| Transcribing agency |
DLC |
| 082 00 - DEWEY DECIMAL CLASSIFICATION NUMBER |
| Classification number |
620 SOC 1978 A056 Or. |
| 245 00 - TITLE STATEMENT |
| Title |
Oceans '78 : |
| Remainder of title |
"the ocean challenge" : fourth annual combined conference, September 6-8, 1978, Sheraton-Park Hotel, Washington, D.C. / |
| 260 ## - PUBLICATION, DISTRIBUTION, ETC. (IMPRINT) |
| Place of publication |
Washington : |
| Name of publisher |
The Society, |
| Year of publication |
c1978. |
| 300 ## - PHYSICAL DESCRIPTION |
| Number of Pages |
xxiii, 743 p. : |
| Other physical details |
ill. ; |
| Dimensions |
28 cm. |
| 500 ## - GENERAL NOTE |
| General note |
Papers of the final meeting of a series of meetings; record of the 1977 meeting is entered under title: Oceans '77 conference record. |
| 650 #0 - SUBJECT ADDED ENTRY--TOPICAL TERM |
| Topical Term |
Ocean engineering |
| 650 #0 - SUBJECT ADDED ENTRY--TOPICAL TERM |
| Topical Term |
Oceanography |
| 710 2# - ADDED ENTRY--CORPORATE NAME |
| Corporate name or jurisdiction name as entry element |
Marine Technology Society. |
| 710 2# - ADDED ENTRY--CORPORATE NAME |
| Corporate name or jurisdiction name as entry element |
Council on Oceanic Engineering. |
| 710 2# - ADDED ENTRY--CORPORATE NAME |
| Corporate name or jurisdiction name as entry element |
Institute of Electrical and Electronics Engineers. |
| 942 ## - ADDED ENTRY ELEMENTS (KOHA) |
| Koha item type |
សៀវភៅភាសាអង់គ្លេស |
| 952 ## - LOCATION AND ITEM INFORMATION (KOHA) |
| Withdrawn status [LOCAL, KOHA] |
0 |